[Event "AUTO-INT-852"]
[Site "http://www.queenalice.com/game.php?id=443107"]
[Date "2008.8.3"]
[Round "2"]
[White "caina16"]
[Black "zemaria"]
[Result "0-1"]
[WhiteElo "1540"]
[BlackElo "1790"]

1. d4 d5 2. e3 Bf5 3. c4 dxc4 4. Bxc4 e5 5. Nc3 e4 6. Qb3 Be6 7. Bxe6 fxe6 8.
Qxb7 Nd7 9. Qxe4 Kf7 10. Nf3 Be7 11. O-O Nh6 12. Ne5+ Nxe5 13. Qxe5 Bf6 14. Qh5+
Ke7 15. Rd1 c6 16. e4 Kd7 17. e5 Be7 18. Bxh6 gxh6 19. Qxh6 Bf8 20. Qh5 Be7 21.
Na4 Qa5 22. Nc5+ Bxc5 23. dxc5+ Ke7 24. Qh4+ Kf7 0-1

[Event "AUTO-INT-852"]
[Site "http://www.queenalice.com/game.php?id=443108"]
[Date "2008.8.3"]
[Round "2"]
[White "zemaria"]
[Black "caina16"]
[Result "1-0"]
[WhiteElo "1783"]
[BlackElo "1547"]

1. e4 e5 2. Nf3 Nc6 3. d4 exd4 4. Nxd4 Nxd4 5. Qxd4 d6 6. c4 c5 7. Qd3 Nf6 8.
Bg5 Be7 9. Bf4 O-O 10. Nc3 Be6 11. Be2 Qc7 12. Bg3 Rfe8 13. O-O-O a6 14. Qc2 Bd7
15. Nd5 Nxd5 16. exd5 Bg5+ 17. Kb1 b5 18. f4 Bh6 19. Bd3 g6 20. Rhf1 bxc4 21.
Bxc4 Bf5 22. Bd3 Bxd3 23. Qxd3 Reb8 24. f5 Qb7 25. Rf2 1-0

[Event "AUTO-OPEN-1225"]
[Site "http://www.queenalice.com/game.php?id=446520"]
[Date "2008.8.10"]
[Round "1"]
[White "caina16"]
[Black "Paulo_Lima26"]
[Result "0-1"]
[WhiteElo "1632"]
[BlackElo "1804"]

1. d4 Nf6 2. c4 e6 3. e3 b6 4. Nf3 Bb7 5. Bd3 d5 6. cxd5 Bxd5 7. O-O Nbd7 8. Nc3
Bb7 9. e4 Be7 10. Bg5 h6 11. Bxf6 Nxf6 12. e5 Nd5 13. Nxd5 Bxd5 14. Bb5+ c6 15.
Ba4 O-O 16. b3 b5 17. Bxb5 cxb5 18. Qd3 Bxf3 19. Qxf3 Qxd4 20. Rfd1 Qxe5 21. Qb7
Bf6 22. Re1 Rfb8 23. Rxe5 Rxb7 24. Rc5 Bxa1 0-1

[Event "AUTO-OPEN-1225"]
[Site "http://www.queenalice.com/game.php?id=446521"]
[Date "2008.8.10"]
[Round "1"]
[White "Paulo_Lima26"]
[Black "caina16"]
[Result "1-0"]
[WhiteElo "1848"]
[BlackElo "1635"]

1. d4 d5 2. c4 c6 3. Nf3 Nf6 4. Nc3 Bg4 5. e3 g6 6. h3 Bxf3 7. Qxf3 Bg7 8. cxd5
cxd5 9. Bb5+ Nc6 10. O-O O-O 11. Bxc6 bxc6 12. Bd2 Re8 13. Rac1 Rb8 14. b3 e5
15. dxe5 Rxe5 16. Qe2 d4 17. Nd1 d3 18. Qf3 Rb6 19. Nb2 Ne4 20. Nc4 Nxd2 21.
Nxd2 Re6 22. Rfd1 Rd6 23. Nc4 d2 24. Rc2 Rf6 25. Rcxd2 Qc7 26. Rd8+ Bf8 27. Qxf6
Rb5 28. Rxf8+ Kxf8 29. Rd8+ 1-0

[Event "AUTO-OPEN-1225"]
[Site "http://www.queenalice.com/game.php?id=446522"]
[Date "2008.8.10"]
[Round "1"]
[White "caina16"]
[Black "AAART"]
[Result "0-1"]
[WhiteElo "1590"]
[BlackElo "1719"]

1. d4 d5 2. e3 e6 3. c4 c6 4. Nf3 Nf6 5. Nc3 Bb4 6. Bd2 O-O 7. a3 Bd6 8. c5 Be7
9. Bd3 Nbd7 10. b4 a5 11. O-O b6 12. Bb1 axb4 13. Ne2 bxa3 14. Bd3 bxc5 15. dxc5
Nxc5 16. Bc3 Nxd3 17. Qxd3 Ba6 18. Qc2 Qc7 19. Bxf6 Bxf6 20. Rxa3 Bxe2 21. Rxa8
Rxa8 22. Qxe2 c5 23. Rc1 c4 24. h3 Ra1 25. Rxa1 Bxa1 26. Qa2 Bf6 0-1

[Event "AUTO-OPEN-1225"]
[Site "http://www.queenalice.com/game.php?id=446523"]
[Date "2008.8.10"]
[Round "1"]
[White "AAART"]
[Black "caina16"]
[Result "1-0"]
[WhiteElo "1665"]
[BlackElo "1590"]

1. c4 c6 2. Nf3 d5 3. e3 Nd7 4. d4 Ngf6 5. Nc3 g6 6. cxd5 cxd5 7. Bd3 Bg7 8. O-O
O-O 9. b4 e6 10. b5 Qa5 11. Bd2 a6 12. Nxd5 Qd8 13. Nxf6+ Nxf6 14. bxa6 bxa6 15.
Qb3 Bd7 16. a4 Rb8 17. Qa3 Re8 18. Ne5 Bf8 19. Qa2 Bc8 20. Nc6 Qc7 21. Nxb8 Qxb8
22. Rab1 Qd6 23. Qc2 Ng4 24. g3 e5 25. dxe5 Qxe5 26. Be2 1-0

[Event "AUTO-INT-998"]
[Site "http://www.queenalice.com/game.php?id=446611"]
[Date "2008.8.10"]
[Round "1"]
[White "marcoswerneck"]
[Black "caina16"]
[Result "1-0"]
[WhiteElo "1620"]
[BlackElo "1605"]

1. g3 d5 2. Bg2 e5 3. d3 Nf6 4. b3 Bb4+ 5. c3 Be7 6. Bb2 O-O 7. Nf3 Bg4 8. Nxe5
Nbd7 9. Nxg4 c6 10. c4 Nxg4 11. Nd2 Bf6 12. Bxf6 Ngxf6 13. Nf3 Qc7 14. O-O Rfe8
15. cxd5 cxd5 16. e3 Rad8 17. b4 b5 18. a4 bxa4 19. Rxa4 Nb6 20. Ra2 Rd7 21. Qa1
Qd6 22. Qd4 Rb8 23. Ne5 Nc8 24. Nxd7 Rxb4 25. Nxf6+ gxf6 26. Qc3 Rb6 27. Qxc8+
Kg7 28. Qg4+ Kf8 29. Rxa7 Rb8 30. Qd7 Qxd7 31. Rxd7 Rb5 32. Rxd5 Rb8 33. Rc5 Rd8
34. d4 Kg8 35. Rfc1 Rd7 36. h4 Kg7 37. Rh5 Ra7 38. Be4 h6 39. d5 Ra5 40. Rf5 Ra7
41. d6 Rd7 42. Rd5 Kf8 43. Rh5 Kg7 44. Rc8 Rxd6 45. g4 Re6 46. f3 Rd6 47. g5
fxg5 48. hxg5 Rd1+ 49. Kf2 Rd2+ 50. Kg3 Rd6 51. Rc6 Rxc6 52. Bxc6 1-0

[Event "AUTO-INT-998"]
[Site "http://www.queenalice.com/game.php?id=446612"]
[Date "2008.8.10"]
[Round "1"]
[White "caina16"]
[Black "marcoswerneck"]
[Result "0-1"]
[WhiteElo "1610"]
[BlackElo "1610"]

1. d4 d5 2. e3 Nf6 3. c4 Bg4 4. Be2 Bxe2 5. Qxe2 e6 6. cxd5 Qxd5 7. Nc3 Qxg2 8.
Qf3 Qxf3 9. Nxf3 Nc6 10. Bd2 Bd6 11. O-O-O Nb4 12. Nb5 Nd3+ 13. Kb1 Nxf2 14.
Nxd6+ cxd6 15. Rhg1 Nxd1 16. Rxd1 h6 17. Bb4 Ne4 18. h4 O-O 19. a3 a5 20. Be1 b5
21. d5 e5 22. Nd2 Nf6 23. e4 b4 24. axb4 axb4 25. Nc4 b3 26. Nxd6 Ra4 27. Rd3
Nxe4 28. Nxe4 Rxe4 29. Bg3 Rd4 30. Rxb3 Rxd5 31. Rc3 e4 32. Kc2 Rfd8 33. Kb3 Rd3
0-1

[Event "AUTO-INT-998"]
[Site "http://www.queenalice.com/game.php?id=446627"]
[Date "2008.8.10"]
[Round "1"]
[White "caina16"]
[Black "mg23campos"]
[Result "0-1"]
[WhiteElo "1657"]
[BlackElo "1795"]

1. d4 e6 2. e4 Nc6 3. Nf3 Nf6 4. e5 Ne4 5. Bb5 Bb4+ 6. c3 Ba5 7. Bxc6 bxc6 8.
Bf4 Ba6 9. b4 Bb6 10. a4 Qe7 11. a5 Nxc3 12. Nxc3 Qxb4 13. axb6 Qxc3+ 14. Bd2
Qc4 15. bxc7 O-O 16. Qa4 Qe2# 0-1

[Event "AUTO-INT-998"]
[Site "http://www.queenalice.com/game.php?id=446628"]
[Date "2008.8.10"]
[Round "1"]
[White "mg23campos"]
[Black "caina16"]
[Result "1-0"]
[WhiteElo "1787"]
[BlackElo "1619"]

1. e4 e5 2. Nf3 Nc6 3. Bc4 Nf6 4. Ng5 d5 5. exd5 Nxd5 6. d3 Be7 7. Qf3 Bxg5 8.
Bxd5 O-O 9. Nc3 Bd7 10. h4 Bxc1 11. Rxc1 Nd4 12. Qe4 Qe7 13. h5 Qg5 14. Ne2 Nxe2
15. Kxe2 Bg4+ 16. f3 Bxh5 17. g4 Bg6 18. Qc4 c6 19. Be4 Bxe4 20. dxe4 Rad8 21.
Qb4 b5 22. c4 a6 23. a4 bxa4 24. Rcd1 Rxd1 25. Rxd1 Qh4 26. Qb6 Qh2+ 27. Ke3
Qf4+ 28. Kd3 Qxf3+ 29. Kd2 Qf2+ 30. Qxf2 1-0

[Event "AUTO-INT-998"]
[Site "http://www.queenalice.com/game.php?id=446629"]
[Date "2008.8.10"]
[Round "1"]
[White "caina16"]
[Black "patrick"]
[Result "0-1"]
[WhiteElo "1632"]
[BlackElo "1485"]

1. d4 e6 2. e4 c6 3. Nf3 d5 4. e5 Qa5+ 5. Nc3 h5 6. Bd2 Nh6 7. Bd3 Be7 8. O-O f6
9. a3 fxe5 10. Nxe5 Qc7 11. Qxh5+ Kd8 12. Nf7+ Nxf7 13. Qxf7 Qxh2# 0-1

[Event "AUTO-INT-998"]
[Site "http://www.queenalice.com/game.php?id=446630"]
[Date "2008.8.10"]
[Round "1"]
[White "patrick"]
[Black "caina16"]
[Result "0-1"]
[WhiteElo "1525"]
[BlackElo "1623"]

1. e3 d5 2. Nc3 e5 3. Nf3 e4 4. Ne5 Bd6 5. f4 Bxe5 6. fxe5 Nc6 7. d4 f6 8. h4
fxe5 9. h5 exd4 10. exd4 Nf6 11. a4 O-O 12. g4 Nxg4 13. h6 Nf2 14. Qh5 Nxh1 15.
Qxh1 Nxd4 16. Qg2 g6 17. Bg5 Nf3+ 18. Kd1 Nxg5 19. Qg3 Rxf1+ 20. Ke2 Rxa1 21.
Qe5 Bg4+ 22. Kd2 Nf3+ 23. Ke3 Nxe5 24. b4 Qg5+ 25. Kd4 Nc6+ 26. Kc5 Qe3+ 27.
Kxd5 Qd4# 0-1

[Event "AUTO-ADV-999"]
[Site "http://www.queenalice.com/game.php?id=446677"]
[Date "2008.8.10"]
[Round "1"]
[White "Rapha66"]
[Black "caina16"]
[Result "1-0"]
[WhiteElo "1842"]
[BlackElo "1594"]

1. Nf3 d5 2. d4 e6 3. a3 c5 4. c4 dxc4 5. Qa4+ Bd7 6. Qxc4 Nf6 7. dxc5 Nc6 8.
Bg5 Qa5+ 9. b4 Qc7 10. Bxf6 gxf6 11. e3 Bg7 12. Nbd2 f5 13. Rd1 e5 14. Ng5 f6
15. Qf7+ Kd8 16. Qxg7 Re8 17. Nf7+ Kc8 18. Nd6+ Kd8 19. Nxe8 Kxe8 20. Qg8+ 1-0

[Event "AUTO-ADV-999"]
[Site "http://www.queenalice.com/game.php?id=446678"]
[Date "2008.8.10"]
[Round "1"]
[White "caina16"]
[Black "Rapha66"]
[Result "0-1"]
[WhiteElo "1590"]
[BlackElo "1869"]

1. d4 d5 2. e3 a6 3. c4 dxc4 4. Bxc4 e6 5. Nf3 Nc6 6. O-O Nf6 7. Nc3 Bb4 8. Bd2
Bxc3 9. Bxc3 O-O 10. Re1 b6 11. b4 Bb7 12. e4 Ne7 13. e5 Bxf3 14. Qxf3 Nfd5 15.
Bb3 Nxc3 16. Qxc3 Qd7 17. Rac1 c6 18. Qd3 Rfd8 19. Bc2 Nf5 20. g4 Nxd4 21. Bb1
Qd5 22. Qxh7+ Kf8 23. Qh8+ Ke7 24. Qh4+ f6 25. exf6+ Kf7 26. Be4 Qxe4 27. Rxe4
Nf3+ 28. Kg2 Nxh4+ 0-1

[Event "AUTO-ADV-999"]
[Site "http://www.queenalice.com/game.php?id=446689"]
[Date "2008.8.10"]
[Round "1"]
[White "anandya"]
[Black "caina16"]
[Result "1-0"]
[WhiteElo "1912"]
[BlackElo "1623"]

1. e4 e5 2. Nf3 d6 3. Bc4 f5 4. Nc3 fxe4 5. Nxe4 Nc6 6. Bxg8 Rxg8 7. c3 Bg4 8.
h3 Bxf3 9. Qxf3 Qe7 10. d3 O-O-O 11. Bg5 Qd7 12. Bxd8 Qxd8 13. Qf5+ Kb8 14. Ng5
h6 15. Qf7 Rh8 16. Ne6 Qf6 17. Qxc7+ Ka8 18. Qc8+ Nb8 19. Nc7# 1-0

[Event "AUTO-ADV-999"]
[Site "http://www.queenalice.com/game.php?id=446690"]
[Date "2008.8.10"]
[Round "1"]
[White "caina16"]
[Black "anandya"]
[Result "0-1"]
[WhiteElo "1637"]
[BlackElo "1910"]

1. d4 d5 2. e3 Bf5 3. c4 c6 4. Nc3 dxc4 5. Bxc4 Nf6 6. Qb3 Nd5 7. Qxb7 Nc7 8.
Qb3 e6 9. Nf3 Bd6 10. e4 Bg6 11. e5 Be7 12. O-O O-O 13. Be3 Nd5 14. Nxd5 cxd5
15. Bb5 a6 16. Bd3 Bxd3 17. Qxd3 h6 18. Rac1 Nd7 19. a3 Qa5 20. Nd2 Qd8 21. Nf3
Qb6 22. b4 Qb5 23. h3 Qxd3 0-1

[Event "AUTO-ADV-999"]
[Site "http://www.queenalice.com/game.php?id=446695"]
[Date "2008.8.10"]
[Round "1"]
[White "carlos31"]
[Black "caina16"]
[Result "1-0"]
[WhiteElo "1886"]
[BlackElo "1534"]

1. d4 d5 2. c4 c6 3. c5 e6 4. Nf3 Nf6 5. Ne5 g6 6. Bg5 Bg7 7. b4 Nbd7 8. e3 Qc7
9. Nxd7 Bxd7 10. Nc3 O-O 11. b5 cxb5 12. Be2 Rfe8 13. O-O b4 14. Nb5 Bxb5 15.
Bxb5 a6 16. Bxe8 Rxe8 17. Qa4 a5 18. Bxf6 Bxf6 19. Qxe8+ Kg7 20. f4 h5 21. Qb5
Kh7 22. a3 Kh6 23. axb4 axb4 24. Qxb4 Bg7 25. Ra7 Qe7 26. Rxb7 Qf6 27. c6 Qf5
28. c7 Qd3 29. Qb3 Qf5 30. c8=Q Kh7 31. Rb8 Qf6 32. Qg8+ 1-0

[Event "AUTO-ADV-999"]
[Site "http://www.queenalice.com/game.php?id=446696"]
[Date "2008.8.10"]
[Round "1"]
[White "caina16"]
[Black "carlos31"]
[Result "0-1"]
[WhiteElo "1532"]
[BlackElo "1888"]

1. d4 d5 2. e3 c5 3. Nc3 Nf6 4. Nf3 Bg4 5. Be2 e6 6. O-O Bd6 7. b3 a6 8. Bb2 Nc6
9. dxc5 Bxc5 10. Na4 Bd6 11. c4 O-O 12. Qd3 Nb4 13. Qd1 Qc7 14. g3 Bh3 15. Re1
Ne4 16. Nc3 Nxg3 17. Nh4 Nxe2+ 18. Qxe2 Bxh2+ 19. Kh1 Be5 20. Qf3 Bf5 21. Nxf5
exf5 22. Rg1 dxc4 23. Qxf5 Qc6+ 24. e4 Qh6+ 25. Kg2 Qh2+ 26. Kf1 Nd3 27. Qg4
Nxb2 28. Nd5 Nd3 29. Rg2 Qxg2+ 30. Qxg2 Bxa1 31. Qh2 c3 32. Ne3 Rac8 0-1